000 00438nam a2200181Ia 4500
005 20240531035139.0
008 240331s9999 xx 000 0 und d
020 _a9559062166
082 _bGOM
_a340
100 _aGomez, Mario
245 0 _aLegal education for social change
_cMario Gomez
250 _a1 st
260 _aColombo
_bLaw & Society Trust
_c1993
300 _a110 p .,
650 _aLaw
650 _aSociety
942 _cL
999 _c2804
_d2804